01276nam a2200301 i 4500001001000000003000900010005001700019007000300036008004100039020001800080040003000098041000800128082001900136245005200155246004900207264008700256300004500343336002700388337003300415338002800448590002700476710006300503942001400566952011000580952011000690952015700800999001700957000047685DO-SdBNP20250807100149.0ta180719s2010 dr 000 0 spa d a9789996142482 aDO-SdBNPbspacBNPHUerda aspa 4axxxbC961f22200aCuadernos de familia :bsegundo ciclo básica.04aCuadernos de familia: segundo ciclo básica 1aSanto Domingo :bMINERD ;bDirección General Participación Comunitaria,c2010. a128 páginas :bilustraciones ;c28 cm. atextobtxt2rdacontent asin mediaciónbn2rdamedia avolumenbnc2rdacarrier aInventariado, 2018/MFF1 aRepública Dominicana.bMinisterio de Educación.943100 2ddccLBS1 00102ddc51708PDaBNPHUbBNPHUcCTd2018-07-19oBNPHU PD C961fp47685-10r2020-06-25w2020-06-25yLBS1 00102ddc51708PDaBNPHUbBNPHUcCTd2018-07-19oBNPHU PD C961fp47685-20r2020-06-25w2020-06-25yLBS1 00102ddc56708DSaBNPHUbBNPHUcCTd2025-08-07eDonado por el Ministerio de la Mujerl0oBNPHU DS C961fp2025-7846r2025-08-07te.3w2025-08-07yLBS1 c47173d47173